wszystkie kolory w 20 sekund - Statystyki

Ogólne statystyki
  • Ten quiz został rozwiązany 154 razy
  • Średni wynik to 7 z 11
Statystyki odpowiedzi
Hint Odpowiedź % Poprawnych
1 czerwony
88%
4 niebieski
85%
10 zielony
76%
9 czarny
75%
2 żółty
74%
7 biały
73%
3 pomarańczowy
58%
6 różowy
51%
5 fioletowy
46%
8 brązowy
31%
11 szary
31%
Nie znaleziono quizów pasujących do podanych kryteriów
Rozkład punktacji
Procent ludzi z każdym wynikiem
Percentyl według liczby udzielonych odpowiedzi
Twoja historia wyników
Nie rozwiązałeś tego quizu